Advance your english: A short course for advanced learners (Class cassette )

Gardado en:
Detalles Bibliográficos
Autor Principal: Broadhead, Annie
Formato: Libro
Idioma:Undetermined
Publicado: Cambridge Cambridge University Press 2000
Những chủ đề:
Các nhãn: Engadir etiqueta
Sen Etiquetas, Sexa o primeiro en etiquetar este rexistro!
Thư viện lưu trữ: Trung tâm Học liệu Trường Đại học Cần Thơ
LEADER 00596nam a2200205Ia 4500
001 CTU_120915
008 210402s9999 xx 000 0 und d
082 |a 428.34 
082 |b B863 
100 |a Broadhead, Annie 
245 0 |a Advance your english: 
245 2 |b A short course for advanced learners (Class cassette ) 
245 0 |c Annie Broadhead 
260 |a Cambridge 
260 |b Cambridge University Press 
260 |c 2000 
650 |a English language 
650 |x Textbooks for foreign speakers 
904 |i M.Loan 
980 |a Trung tâm Học liệu Trường Đại học Cần Thơ